បច្ចេកទេសដាំដុះដំណាំអំពៅនៅតំបន់ ស្រុកស្អាង ខេត្តកណ្តាល (Record no. 225)

000 -LEADER
fixed length control field 00542nam a22001577a 4500
003 - CONTROL NUMBER IDENTIFIER
control field OSt
005 - DATE AND TIME OF LATEST TRANSACTION
control field 20150910142421.0
008 - FIXED-LENGTH DATA ELEMENTS--GENERAL INFORMATION
fixed length control field 150910b xxu||||| |||| 00| 0 eng d
040 ## - CATALOGING SOURCE
Transcribing agency RUA
082 ## - DEWEY DECIMAL CLASSIFICATION NUMBER
Classification number AGR ថៃ 1995 B012 Or.1
100 ## - MAIN ENTRY--PERSONAL NAME
9 (RLIN) 241
Personal name ថៃ​ ថេរាវុឌ្ឍ
245 ## - TITLE STATEMENT
Title បច្ចេកទេសដាំដុះដំណាំអំពៅនៅតំបន់ ស្រុកស្អាង ខេត្តកណ្តាល
260 ## - PUBLICATION, DISTRIBUTION, ETC. (IMPRINT)
Place of publication, distribution, etc. Phonm Penh
Name of publisher, distributor, etc. RUA
Date of publication, distribution, etc. 1995
300 ## - PHYSICAL DESCRIPTION
Extent 50p.
Other physical details ill.
Dimensions 29cm.
942 ## - ADDED ENTRY ELEMENTS (KOHA)
Source of classification or shelving scheme
Koha item type AGR
Holdings
Price effective from Date last seen Permanent Location Not for loan Date acquired Source of classification or shelving scheme Koha item type Lost status Withdrawn status Total Renewals Date last checked out Total Checkouts Damaged status Barcode Current Location Full call number
2015-09-102017-01-19Library Block B 2015-09-10 AGR  22016-12-144 RUA003137Library Block BAGR ថៃ 1995 B012 Or.1
2015-09-102017-08-16Library Block B 2015-09-10 AGR   2017-08-021 RUA003416Library Block BAGR ថៃ 1995 B012 Or.2
2015-09-102024-07-19Library Block B 2015-09-10 AGR   2024-07-021 RUA003136Library Block BAGR ថៃ 1995 B012 Or.3
2015-09-102015-09-10Library Block B 2015-09-10 AGR      RUA003417Library Block BAGR ថៃ 1995 B012 Or.4
មជ្ឈមណ្ឌលឯការនៃសាកលវិទ្យាល័យភូមិន្ទកសិកម្មចំការដូង

Powered by Koha